000
00485nam a2200181Ia 4500
008
090124s9999 xx 000 0 und d
082
_b
42923
100
_a
साने शुभदा
245
_a
तरंग
250
_a
1
260
_b
सानिया पब्लिकेशन
_c
2005
300
_a
143
600
_a
साने शुभदा
630
_a
तरंग
700
_a
साने शुभदा
730
_a
तरंग
942
_c
BOOK
999
_c
109144
_d
109144